| 000 | 00433cam a22001812a 4500 | ||
|---|---|---|---|
| 001 | 010130 | ||
| 003 | AR-FADEU | ||
| 008 | 311216n1978####xxu####################dd | ||
| 092 |
_aD343.2 _bC198 |
||
| 100 | _aCampos, Alberto A. | ||
| 245 | _aIntroducción a la teorÃa del delito | ||
| 260 | _aBuenos Aires | ||
| 260 | _bAbeledo-Perrot | ||
| 260 | _c1978 | ||
| 300 | _a85 p | ||
| 650 | _aDERECHO PENAL; DELITO | ||
| 942 | _cBDGR | ||
| 999 |
_c15926 _d15926 |
||